[Event "Idaho Closed"]
[Site "Boise, ID"]
[Date "2007.02.18"]
[Round "4.3"]
[White "Taylor, Daniel A"]
[Black "Booth, Tom R"]
[Result "1-0"]
[WhiteElo "1866"]
[BlackElo "1546"]

1. e4 e6 2. d4 d5 3. e5 c5 4. c3 Nc6 5. Nf3 Qb6 6. a3 cxd4 7. cxd4 Nge7 8. Bd3
Bd7 9. Bc2 Rc8 10. O-O Nf5 11. Bxf5 exf5 12. Nc3 Be6 13. Qd3 Be7 14. b4 O-O
15. Re1 Kh8 16. Bf4 Kg8 17. Rac1 Kh8 18. Ne2 Rg8 19. Ng3 g6 20. Ne2 a6 21. Ng5
Qd8 22. Qg3 Rf8 23. Qh4 h5 24. Ng3 Kg7 25. Ne2 Rh8 26. Be3 Rf8 27. Rcd1 Rh8
28. Rd3 Rf8 29. Bd2 Rh8 30. Nf4 Qd7 31. Rd1 Rhf8 32. Nxh5+ gxh5 33. Qxh5 Rh8
34. Nxe6+ Qxe6 35. Rg3+ Qg6 36. Qxf5 Nxd4 37. Rxg6+ fxg6 38. Qd7 Kf7 {#r} 1-0

[Event "Idaho Closed"]
[Site "Boise, ID"]
[Date "2007.02.19"]
[Round "5.8"]
[White "Booth, Tom R"]
[Black "Harmon-Vellotti, Luke"]
[Result "1/2-1/2"]
[WhiteElo "1546"]
[BlackElo "1268"]

1. d4 Nf6 2. c4 e6 3. Nf3 d5 4. e3 c5 5. Nc3 Nc6 6. Be2 Be7 7. O-O O-O 8. a3
a5 9. b3 b5 10. Bb2 Bb7 11. cxd5 exd5 12. Qc2 Rc8 13. Rac1 cxd4 14. exd4 Qc7
15. Qb1 Qf4 16. g3 Qh6 17. Rcd1 Rcd8 18. Bc1 Qg6 19. Qxg6 hxg6 20. Bb2 Rfe8
21. Bxb5 Bd6 22. Rfe1 Re7 23. Rxe7 Nxe7 24. Bd3 Rc8 25. Nb5 Bb8 26. Re1 Nc6
27. Ne5 Ne7 28. Nd7 Nxd7 29. Rxe7 Bc6 30. a4 Bxb5 31. Bxb5 Nf6 32. Bd3 Rc7 33.
Rxc7 Bxc7 34. Ba3 Ne8 35. Kf1 Bd6 36. Bc1 Kf8 37. Bb5 Nc7 38. Bc6 Ke7 39. Bg5+
f6 {#d} 1/2-1/2

[Event "Idaho Closed"]
[Site "Boise, ID"]
[Date "2007.02.19"]
[Round "6.9"]
[White "Nahlen, John P"]
[Black "Booth, Tom R"]
[Result "1-0"]
[WhiteElo "1388"]
[BlackElo "1546"]

1. e4 e6 2. d4 d5 3. e5 c5 4. c3 Nc6 5. Nf3 Qb6 6. Be2 cxd4 7. cxd4 Nge7 8.
Na3 a6 9. O-O Nf5 10. Nc2 Be7 11. b3 O-O 12. g4 Nh4 13. Nxh4 Bxh4 14. g5 Bd7
15. Bd3 g6 16. Qg4 Rac8 17. Qxh4 Rfe8 18. Ba3 Ne7 19. Bxe7 Rxe7 20. Ne3 f5 21.
gxf6 Rf7 22. Ng4 Be8 23. Nh6+ Kh8 24. Bxg6 hxg6 25. Nxf7+ Kg8 26. Qh8+ {#r}
1-0

[Event "WIO (Open)"]
[Site "Caldwell, ID"]
[Date "2008.05.24"]
[Round "1.2"]
[White "Abderhalden, Katherine Louise"]
[Black "Booth, Tom R"]
[Result "1-0"]
[WhiteElo "1260"]
[BlackElo "1533"]

1. d4 e6 2. c4 d5 3. cxd5 exd5 4. Bf4 Nf6 5. Nc3 Bb4 6. e3 O-O 7. Bd3 Bg4 8.
Nge2 Ne4 9. Qc2 Bf5 10. O-O Re8 11. f3 Nc6 12. fxe4 dxe4 13. Nxe4 Bg6 14. N2c3
Qd7 15. Ng3 Nxd4 16. Qd2 Bxd3 17. Rfd1 Rad8 18. exd4 Qxd4+ 19. Kh1 Qf6 20. Bg5
Qg6 21. Bxd8 Rxd8 22. Qe3 h6 23. Qxa7 Bd6 24. Qe3 Bc2 25. Rd2 Kf8 26. Re1 Kg8
27. Nb5 Kh7 28. Nxd6 cxd6 29. Rc1 Rc8 30. Ne4 Bxe4 31. Rxc8 Bc6 32. Rxc6 bxc6
33. Qd3 f5 34. h3 Qe6 35. Re2 Qf6 36. Rf2 g6 37. Qe3 Kg7 38. Qa7+ Kg8 39. Qa8+
Kg7 40. Qxc6 Qe5 41. Qc3 {#r} 1-0

[Event "WIO (Open)"]
[Site "Caldwell, ID"]
[Date "2008.05.24"]
[Round "2.5"]
[White "Booth, Tom R"]
[Black "Abderhalden, Richard Robert"]
[Result "1-0"]
[WhiteElo "1533"]
[BlackElo "1122"]

1. d4 d6 2. e4 Nf6 3. Nc3 g6 4. Nf3 Bg7 5. Be2 c6 6. O-O Qc7 7. h3 O-O 8. Bf4
Nbd7 9. Qd2 Re8 10. Rad1 e5 11. dxe5 dxe5 12. Be3 b5 13. a3 a5 14. Bd3 Ba6 15.
b4 a4 16. Qe2 Red8 17. Rd2 Nf8 18. Ne1 Ne6 19. Nb1 c5 20. Bxc5 Nxc5 21. bxc5
Qxc5 22. Nf3 Bb7 23. Rdd1 Bh6 24. Bxb5 Bxe4 25. Bd3 Bxd3 26. cxd3 Re8 27. Qa2
e4 28. dxe4 Nxe4 29. Rd7 Re7 30. Rxe7 Qxe7 31. Re1 Kg7 32. Qd5 Rd8 33. Qc6 f5
34. Nc3 Qd6 35. Qxd6 Nxd6 36. Rd1 Rc8 37. Nxa4 Nc4 38. Rd3 Ra8 39. Rd7+ Kg8
40. Nc5 Nxa3 41. Ne6 Nc4 42. Nfg5 Bxg5 43. Nxg5 h6 44. Ne6 Ne5 45. Rg7+ Kh8
46. Re7 Nc6 47. Rg7 Ra6 48. Rxg6 Nd4 49. Rxh6+ Kg8 50. Rg6+ Kf7 51. Rg7+ Kxe6
52. Rg6+ Ke5 53. Rxa6 f4 54. h4 Kf5 55. f3 Ne2+ 56. Kf2 Ng3 57. Ra5+ Kg6 58.
Rg5+ Kh6 59. Rxg3 {#r} 1-0

[Event "WIO (Open)"]
[Site "Caldwell, ID"]
[Date "2008.05.24"]
[Round "3.4"]
[White "Kircher, Caleb Paul"]
[Black "Booth, Tom R"]
[Result "0-1"]
[WhiteElo "1447"]
[BlackElo "1533"]

1. d4 e6 2. Nf3 d5 3. e3 Nf6 4. Bd3 c5 5. b3 Nc6 6. O-O Bd6 7. Bb2 O-O 8. Ne5
cxd4 9. exd4 Qc7 10. f4 Nb4 11. c3 Nxd3 12. Qxd3 Bd7 13. Nd2 a6 14. Rf3 Bxe5
15. fxe5 Ne4 16. Rh3 f5 17. exf6 Nxf6 18. Ba3 Rf7 19. Nf3 e5 20. Nxe5 Bxh3 21.
Qxh3 Re8 22. Nxf7 Qxf7 23. Rf1 Qc7 24. Qf3 Rc8 25. Bb2 Ne4 26. Qf5 Nf6 27.
Qe6+ Kh8 28. Rf3 Qb8 29. Re3 Re8 30. Qh3 Rxe3 31. Qxe3 Qxh2+ 32. Kxh2 Ng4+ 33.
Kg3 Nxe3 34. Kf3 Nf5 35. Ba3 Kg8 36. Kf4 g6 37. Ke5 Kf7 38. g4 Ne3 39. g5 Nd1
40. Bb4 Ne3 41. Bc5 Nd1 42. c4 dxc4 43. bxc4 Ne3 44. Kd6 Nxc4+ 45. Kc7 b5 46.
d5 Ne5 47. d6 Ke8 48. Be3 a5 49. Bb6 a4 50. Bd4 Nd7 51. a3 Nf8 52. Kb6 Kd7 53.
Bc5 Ne6 54. Kxb5 Nxg5 55. Kxa4 h5 56. Kb5 h4 57. a4 Ne4 58. Bg1 Nxd6+ 59. Kb6
g5 60. Kc5 g4 61. Bh2 g3 62. Bg1 h3 63. a5 Nb7+ 64. Kd4 Nxa5 65. Ke3 h2 66.
Kf3 h1=Q+ 67. Kg4 Qxg1 68. Kf5 Qd4 69. Kg6 Qf4 70. Kh5 g2 71. Kg6 g1=Q+ 72.
Kh5 Qfh2# 0-1

[Event "Idaho Closed"]
[Site "Twin Falls, ID"]
[Date "2009.02.15"]
[Round "4.9"]
[White "Booth, Tom R"]
[Black "Ye, Michael"]
[Result "1/2-1/2"]
[WhiteElo "1500"]
[BlackElo "1055"]

1. d4 d5 2. c4 dxc4 3. e3 Nf6 4. Bxc4 e5 5. Qb3 exd4 6. Bxf7+ Ke7 7. exd4 Qxd4
8. Be3 Qe4 9. Nf3 Be6 10. Bxe6 Qxe6 11. Qxe6+ Kxe6 12. Nc3 Nc6 13. O-O Bb4 14.
Nb5 Nd5 15. Nbd4+ Nxd4 16. Bxd4 Kf7 17. Rac1 Rhe8 18. Rfd1 c6 19. a3 Bd6 20.
g3 a6 21. Re1 Rad8 22. Ng5+ Kg8 23. Nf3 {#d} 1/2-1/2

[Event "Idaho Closed"]
[Site "Twin Falls, ID"]
[Date "2009.02.16"]
[Round "5.10"]
[White "Patterson, Kevin R"]
[Black "Booth, Tom R"]
[Result "1/2-1/2"]
[WhiteElo "1017"]
[BlackElo "1500"]

1. e4 e6 2. d4 d5 3. e5 c5 4. Nf3 Nc6 5. c3 cxd4 6. cxd4 Qb6 7. Qd3 Bb4+ 8.
Bd2 Bxd2+ 9. Qxd2 Nge7 10. Na3 a6 11. b3 Qb4 12. Nc2 Qxd2+ 13. Nxd2 b5 14. Bd3
Bd7 15. O-O O-O 16. Nf3 Rfc8 17. Rac1 h6 18. a3 Na5 19. Rb1 Rc3 20. b4 Rxd3
21. bxa5 Rc3 22. Na1 Rxa3 23. Nb3 Kf8 24. Rfc1 Rc8 25. Nc5 Ke8 26. Ra1 Rxa1
27. Rxa1 Ra8 28. Ne1 Nf5 29. Nc2 Bc8 30. Ra3 b4 31. Nxb4 Rb8 32. Ra4 Nxd4 33.
f3 Ne2+ 34. Kf2 Nc3 35. Ra3 Rxb4 36. Rxc3 Rc4 37. Rxc4 dxc4 38. Ke3 Kd8 39.
Kd4 Kc7 40. Kxc4 Kc6 {#d} 1/2-1/2

[Event "Idaho Closed"]
[Site "Twin Falls, ID"]
[Date "2009.02.16"]
[Round "6.10"]
[White "Booth, Tom R"]
[Black "Min, William"]
[Result "1-0"]
[WhiteElo "1500"]
[BlackElo "967"]

1. d4 d5 2. c4 e6 3. e3 Bb4+ 4. Nc3 Nf6 5. Nf3 O-O 6. Bd2 c5 7. Be2 Nc6 8. a3
cxd4 9. axb4 dxc3 10. Bxc3 Ne4 11. O-O b6 12. cxd5 Nxc3 13. bxc3 exd5 14. Nd4
Nxd4 15. cxd4 Be6 16. b5 Qg5 17. Bf3 Bh3 18. Qb3 Rfd8 19. Ra6 Be6 20. Rfa1 Rd7
21. Rxb6 Rad8 22. Rba6 Qe7 23. Qa3 Ra8 24. Qxe7 Rxe7 25. h3 h6 26. b6 Rb7 27.
Rxa7 Rbxa7 28. bxa7 g5 29. e4 Bc8 30. exd5 Bb7 31. d6 Bxf3 32. gxf3 Kf8 33.
Kg2 f5 34. Kg3 Ke8 35. h4 Kd7 36. hxg5 hxg5 37. f4 g4 38. Kh4 Kxd6 39. Kg5 Ke6
40. Ra6+ Kf7 41. Kxf5 Ke7 42. Kxg4 Rg8+ 43. Kf3 Ra8 44. f5 Ke8 45. Kf4 Ke7 46.
d5 Ke8 47. Rh6 Rxa7 48. Rh8+ Kf7 49. Rh7+ Ke8 50. Rxa7 Kd8 51. Ke5 Ke8 52. Ke6
Kd8 53. d6 Ke8 54. Ra8# 1-0

[Event "Casual Game"]
[Site "Boise, ID"]
[Date "2009.10.05"]
[Round "0"]
[White "Booth, Tom R"]
[Black "Roland, Jeffrey T"]
[Result "1/2-1/2"]
[WhiteElo "1500"]
[BlackElo "1782"]

{(Game/35)} 1. d4 e6 2. e4 d5 3. Nc3 dxe4 4. Nxe4 Nd7 5. Nf3 Ngf6 6. Bg5 Be7
7. Bd3 Nxe4 8. Bxe7 Qxe7 9. Bxe4 Qb4+ 10. Qd2 Qxb2 11. O-O Nf6 12. Bd3 O-O 13.
Ne5 Rd8 14. Nf3 b6 15. Rfb1 Qa3 16. Rb3 Qe7 17. Re1 Bb7 18. Ne5 c5 19. dxc5
Qxc5 20. Qf4 Qd5 21. Be4 Qxe4 22. Qxe4 Bxe4 23. h3 Bxc2 24. Rc3 Rac8 25. Nc6
Kf8 26. Rxc2 Rd6 27. Rec1 a6 28. Ne5 Rxc2 29. Rxc2 Nd5 30. Rc8+ Ke7 31. Ra8 a5
32. Ra7+ Kf6 33. Nxf7 Rc6 34. Nd8 Rc1+ 35. Kh2 Rc2 36. Rf7+ Kg6 37. a4 Ra2 38.
h4 h5 39. g4 Rxa4 40. gxh5+ Kxh5 41. Nxe6 Rxh4+ 42. Kg3 Rg4+ 43. Kh3 Rh4+ 44.
Kg3 Rg4+ 45. Kh3 {#d} 1/2-1/2

[Event "Casual Game"]
[Site "Boise, ID"]
[Date "2009.10.05"]
[Round "0"]
[White "Roland, Jeffrey T"]
[Black "Booth, Tom R"]
[Result "1-0"]
[WhiteElo "1782"]
[BlackElo "1500"]

{(Game/35)} 1. e4 e6 2. d4 d5 3. Nd2 Nf6 4. e5 Ne4 5. Nxe4 dxe4 6. Be3 c5 7.
dxc5 Nd7 8. f4 Bxc5 9. Bxc5 Nxc5 10. Qxd8+ Kxd8 11. O-O-O+ Ke7 12. Bc4 Bd7 13.
Ne2 Rhd8 14. Nc3 a6 15. b4 b5 16. bxc5 Bc6 17. Be2 b4 18. Rxd8 Rxd8 19. Nd1 a5
20. Ne3 a4 21. Rd1 Rb8 22. Rd6 b3 23. cxb3 Bd5 24. Nxd5+ exd5 25. Rxd5 axb3
26. axb3 Rxb3 27. Kc2 Ra3 28. Kb2 Ra5 29. Kb3 {#r} 1-0

[Event "SIO"]
[Site "Twin Falls, ID"]
[Date "2009.11.14"]
[Round "1.12"]
[White "Booth, Tom R"]
[Black "Bruess, Shane Anthony"]
[Result "1-0"]
[WhiteElo "1500"]
[BlackElo "825"]

1. d4 Nc6 2. c4 e6 3. Nf3 Bb4+ 4. Bd2 d5 5. Bxb4 Nxb4 6. a3 Nc6 7. e3 Nf6 8.
Nc3 O-O 9. Bd3 g6 10. O-O b6 11. cxd5 exd5 12. Rc1 Bg4 13. h3 Bxf3 14. Qxf3
Qd6 15. Nb5 Qd8 16. Rxc6 Ne8 17. Rfc1 a6 18. Nxc7 Ra7 19. Nxe8 Qxe8 20. Qxd5
b5 21. Qc5 Qd7 22. Rc7 Qxc7 23. Qxc7 Rxc7 24. Rxc7 Kg7 25. Kf1 h5 26. Ke1 h4
27. Ra7 g5 28. Bf5 Kf6 29. Bg4 Rb8 30. Rxa6+ Kg7 31. Ra5 f6 32. d5 b4 33. axb4
Rxb4 34. Ra2 Kg6 35. d6 f5 36. d7 Rb8 37. Ra6+ Kf7 38. Bxf5 Ke7 39. Rc6 Rxb2
40. Rc8 Kf6 41. d8=Q+ Kxf5 42. Qd5+ Kg6 43. Rg8+ Kf6 44. Qd4+ Ke6 45. Qxb2 g4
46. Re8+ Kd7 47. Qe5 gxh3 48. gxh3 Kc6 49. Re6+ Kd7 50. Rd6+ Kc7 51. Rh6+ Kd7
52. Qg7+ {#r} 1-0

[Event "SIO"]
[Site "Twin Falls, ID"]
[Date "2009.11.14"]
[Round "2.2"]
[White "Baggett, Jeff M"]
[Black "Booth, Tom R"]
[Result "1/2-1/2"]
[WhiteElo "1800"]
[BlackElo "1500"]

1. e4 e6 2. d4 d5 3. e5 c5 4. c3 Nc6 5. Nf3 Qb6 6. Bd3 cxd4 7. cxd4 Bd7 8. O-O
Nxd4 9. Nxd4 Qxd4 10. Nc3 Qb6 11. Qe2 Ne7 12. Bb5 Nc6 13. Be3 Qc7 14. Bd3 d4
15. Nb5 Qxe5 16. Bxd4 Qxe2 17. Bxe2 Nxd4 18. Nxd4 Be7 19. h3 Bf6 20. Rad1 Bxd4
21. Rxd4 Bc6 22. b4 O-O 23. Rfd1 Bd5 24. a4 h6 25. f4 Rfc8 {#d} 1/2-1/2

[Event "SIO"]
[Site "Twin Falls, ID"]
[Date "2009.11.15"]
[Round "3.5"]
[White "Lundy III, George W"]
[Black "Booth, Tom R"]
[Result "0-1"]
[WhiteElo "1456"]
[BlackElo "1500"]

1. e4 e6 2. d4 d5 3. Nc3 Nf6 4. e5 Ne4 5. Nxe4 dxe4 6. c3 c5 7. Be3 cxd4 8.
Qa4+ Bd7 9. Qxd4 Be7 10. Qxe4 Bc6 11. Qg4 g6 12. Bh6 Qa5 13. Bg7 Rg8 14. Bf6
Bxf6 15. exf6 Nd7 16. Qf4 O-O-O 17. Nf3 g5 18. Qe3 Nxf6 19. Ne5 Nd5 20. Qc1
Qc7 21. Nxc6 Qxc6 22. a4 Kb8 23. Bb5 Qc5 24. O-O h5 25. Rd1 Nf4 26. Rxd8+ Rxd8
27. b4 Qe5 28. Qe1 Qd5 29. Bf1 g4 30. Qe3 Qd2 31. Qe5+ Qd6 32. Qxd6+ Rxd6 33.
g3 Nh3+ 34. Kg2 Rd2 {#R} 0-1

[Event "SIO"]
[Site "Twin Falls, ID"]
[Date "2009.11.15"]
[Round "4.3"]
[White "Booth, Tom R"]
[Black "Roland, Jeffrey T"]
[Result "1-0"]
[WhiteElo "1500"]
[BlackElo "1794"]

1. d4 Nf6 2. c4 g6 3. Nc3 d5 4. e3 Bg7 5. Nf3 c6 6. Be2 dxc4 7. Bxc4 b5 8. Be2
O-O 9. O-O a6 10. Bd2 Nbd7 11. a3 Bb7 12. e4 c5 13. d5 Nb6 14. Qc2 e6 15. dxe6
fxe6 16. Bg5 Qe8 17. Rad1 Rc8 18. Rd6 Rc6 19. Rfd1 Nfd7 20. Qd2 Bxc3 21. Qxc3
Rxd6 22. Rxd6 Bxe4 23. Bh6 Rf7 24. Ng5 Nd5 25. Qh3 Nf4 26. Qe3 Nxe2+ 27. Qxe2
Bd5 28. Nxf7 Qxf7 29. Rxa6 Nf6 30. Qe5 Nd7 31. Qc7 Qf5 32. Qd8+ Nf8 33. h3
Bxg2 34. Qxf8+ Qxf8 35. Bxf8 Bxh3 36. Bh6 Kf7 37. Ra7+ Kf6 38. Rxh7 Bf5 39.
Rb7 Bd3 40. Rc7 c4 41. Bg7+ {#r} 1-0

[Event "Idaho Closed"]
[Site "Boise, ID"]
[Date "2010.02.13"]
[Round "1.12"]
[White "Patterson, Katie Rae"]
[Black "Booth, Tom R"]
[Result "0-1"]
[WhiteElo "978"]
[BlackElo "1594"]

1. c4 e6 2. Nc3 d5 3. cxd5 exd5 4. d4 Nf6 5. Nf3 Be7 6. g3 O-O 7. Bg2 c6 8.
O-O Be6 9. Bg5 Nbd7 10. Ne5 Nxe5 11. dxe5 Nd7 12. Bxe7 Qxe7 13. Qd4 Qc5 14.
Qxc5 Nxc5 15. Rad1 Rad8 16. e3 f6 17. exf6 Rxf6 18. b3 Rff8 19. Na4 Nxa4 20.
bxa4 Bg4 21. Rd4 Bc8 22. Rb1 Rde8 23. a5 a6 24. Rf4 Rxf4 25. gxf4 Re7 26. Rb6
g6 27. Kf1 Kg7 28. a3 Kf7 29. Ke2 Bg4+ 30. Bf3 Bxf3+ 31. Kxf3 c5 32. Rb2 c4
33. Ke2 d4 34. Kd1 d3 35. e4 c3 36. Ra2 Rc7 37. a4 c2+ 38. Kd2 c1=Q+ 39. Kxd3
Qb1+ 40. Kd2 Qxa2+ 41. Ke1 Rc1# 0-1

[Event "Idaho Closed"]
[Site "Boise, ID"]
[Date "2010.02.13"]
[Round "2.9"]
[White "Booth, Tom R"]
[Black "Kepple, Alan C"]
[Result "1-0"]
[WhiteElo "1594"]
[BlackElo "1121"]

1. d4 d5 2. c4 e6 3. Nf3 c5 4. e3 Nc6 5. Nc3 Nf6 6. Bd2 Be7 7. dxc5 Bxc5 8.
Be2 O-O 9. O-O a6 10. a3 dxc4 11. Bxc4 b5 12. Be2 Bb7 13. b4 Bb6 14. Qb3 Rc8
15. Rfd1 Qc7 16. Be1 Rfd8 17. Rac1 Rxd1 18. Qxd1 Rd8 19. Qc2 Qb8 20. Bd3 Ne5
21. Nxe5 Qxe5 22. Ne2 Qd5 23. Nf4 Qd6 24. Rd1 Qb8 25. Bc3 e5 26. Nh3 h6 27.
Be2 Rc8 28. Qb2 Re8 29. Kh1 Bc8 30. Ng1 Bc7 31. h3 Ne4 32. Bf3 Nxc3 33. Qxc3
e4 34. Bh5 g6 35. Bg4 Bxg4 36. hxg4 Qc8 37. Rc1 Re7 38. Ne2 Qd7 39. Qc5 Bd6
40. Qc8+ Qxc8 41. Rxc8+ Kg7 42. Rc6 Rd7 43. Rxa6 Be5 44. Nd4 Rc7 45. g3 Bxd4
46. exd4 Rc1+ 47. Kg2 Rc2 48. Kf1 Rd2 49. Rd6 Rd3 50. Rd5 Rxa3 51. Rxb5 Ra6
52. d5 Rf6 53. Ke2 Rd6 54. Ke3 f5 55. gxf5 gxf5 56. Kf4 Kf6 57. Rc5 {#r} 1-0

[Event "Idaho Closed"]
[Site "Boise, ID"]
[Date "2010.02.14"]
[Round "3.3"]
[White "Oberle Jr., Stephen"]
[Black "Booth, Tom R"]
[Result "0-1"]
[WhiteElo "1803"]
[BlackElo "1594"]

1. e4 e6 2. d3 d5 3. Nd2 dxe4 4. dxe4 e5 5. Bc4 Nf6 6. Ngf3 Bg4 7. h3 Bxf3 8.
Qxf3 Bd6 9. Qb3 O-O 10. Qxb7 Nbd7 11. Qb3 Nc5 12. Qf3 Qd7 13. O-O a5 14. Re1
Ne6 15. Bxe6 fxe6 16. Qd3 Qe7 17. Nf3 Rfd8 18. Qe2 a4 19. Bd2 a3 20. b3 h6 21.
c4 c5 22. Rad1 Bc7 23. Bc3 Nh5 24. Nxe5 Nf4 25. Qg4 Bxe5 26. Bxe5 Nd3 27. Bxg7
Qxg7 28. Qxe6+ Kh8 29. g3 Nxe1 30. Rxe1 Rd2 31. Qc6 Rf8 32. Qxc5 Rxa2 33. Rd1
Raxf2 34. Qd6 a2 35. e5 Qxg3+ {#R} 0-1

[Event "Idaho Closed"]
[Site "Boise, ID"]
[Date "2010.02.14"]
[Round "4.2"]
[White "Evers, Jason"]
[Black "Booth, Tom R"]
[Result "1-0"]
[WhiteElo "1887"]
[BlackElo "1594"]

1. e4 e6 2. d4 d5 3. c4 dxc4 4. Nc3 Nf6 5. Bxc4 a6 6. Nf3 b5 7. Bd3 Bb7 8. e5
Nd5 9. a3 c5 10. Bg5 Nxc3 11. bxc3 Be7 12. Bxe7 Qxe7 13. a4 bxa4 14. Qxa4+ Bc6
15. Qc2 h6 16. O-O O-O 17. Bh7+ Kh8 18. Be4 Bxe4 19. Qxe4 Nd7 20. Rfb1 cxd4
21. cxd4 Rfc8 22. Rb7 Qe8 23. h3 Kg8 24. Qd3 a5 25. Qb5 Nf8 26. Rxa5 Qxb5 27.
Rbxb5 Rxa5 28. Rxa5 Nd7 29. d5 exd5 30. Rxd5 Nf8 31. Nd4 Rc1+ 32. Kh2 Rd1 33.
Rd8 g6 34. e6 fxe6 35. Nxe6 Rxd8 36. Nxd8 Kg7 37. Kg3 g5 38. h4 gxh4+ 39. Kxh4
Ng6+ 40. Kg4 Ne5+ 41. Kf5 Ng6 42. Ne6+ Kf7 43. Nf4 Ne7+ 44. Kg4 Kg7 45. Kh5
Nf5 46. Nd5 Kh7 47. Nf6+ Kg7 48. Ng4 Kh7 49. Ne3 Ng7+ 50. Kh4 Kg6 51. g4 Ne6
52. Nd5 Ng5 53. f4 Nf3+ 54. Kg3 Nd4 55. Ne3 Ne2+ 56. Kf3 Nd4+ 57. Ke4 Ne2 58.
Ke5 Ng3 59. Ke6 h5 60. f5+ Nxf5 61. gxf5+ {#r} 1-0

[Event "Idaho Closed"]
[Site "Boise, ID"]
[Date "2010.02.15"]
[Round "6.8"]
[White "Booth, Tom R"]
[Black "Stewart, David Wayne"]
[Result "1/2-1/2"]
[WhiteElo "1594"]
[BlackElo "1516"]

1. d4 Nf6 2. c4 e6 3. Nc3 Bb4 4. Qc2 c5 5. dxc5 Bxc5 6. e3 d5 7. Nf3 Nc6 8. a3
d4 9. exd4 Bxd4 10. Bg5 h6 11. Bxf6 Qxf6 12. Rd1 O-O 13. Be2 Bxc3+ 14. bxc3 e5
15. O-O Bf5 16. Bd3 Bg6 17. Bxg6 fxg6 18. Qe4 Rad8 19. Rd5 Qf5 20. Qxf5 gxf5
21. Rfd1 e4 22. Ne5 Rxd5 23. Rxd5 Nxe5 24. Rxe5 Rf7 25. Kf1 g6 26. Ke2 Rc7 27.
c5 Kf7 28. g3 Rd7 29. c4 Kf6 30. Rd5 Rxd5 31. cxd5 Ke5 32. d6 Ke6 33. Ke3 b6
34. Kd4 bxc5+ 35. Kxc5 Kd7 36. Kd5 a6 37. Ke5 a5 38. Kf6 Kxd6 39. Kxg6 Ke5 40.
Kxh6 f4 41. gxf4+ Kxf4 42. h4 Kf3 43. Kg5 Kxf2 44. h5 e3 45. h6 e2 46. h7 e1=Q
47. h8=Q Qe3+ 48. Kg4 Qe4+ 49. Kg5 Qe3+ 50. Kg4 Qe4+ {#d} 1/2-1/2

[Event "Idaho Open"]
[Site "Pocatello, ID"]
[Date "2010.05.01"]
[Round "1.7"]
[White "Kepple, Alan C"]
[Black "Booth, Tom R"]
[Result "0-1"]
[WhiteElo "1201"]
[BlackElo "1606"]

1. d4 e6 2. c4 d5 3. Nc3 Nf6 4. e3 Nbd7 5. Nf3 c6 6. Be2 Bd6 7. O-O O-O 8.
cxd5 exd5 9. a3 Qc7 10. h3 Ne4 11. Bd3 Ndf6 12. Bd2 Be6 13. Rc1 Qd7 14. Re1
Bxh3 15. gxh3 Qxh3 16. Bf1 Qg4+ 17. Bg2 Rfe8 18. Kf1 h5 19. Ng1 Qh4 20. Nxe4
Nxe4 21. Nf3 Qxf2# 0-1

[Event "Idaho Open"]
[Site "Pocatello, ID"]
[Date "2010.05.01"]
[Round "3.1"]
[White "Abderhalden, Katherine Louise"]
[Black "Booth, Tom R"]
[Result "1-0"]
[WhiteElo "1697"]
[BlackElo "1606"]

1. d4 e6 2. c4 d5 3. Nc3 Nf6 4. Bg5 Nbd7 5. Nf3 c6 6. e3 Qa5 7. a3 dxc4 8. Qc2
Nd5 9. Bxc4 Nxc3 10. bxc3 b5 11. Bd3 g6 12. O-O Bg7 13. e4 O-O 14. Qd2 Bb7 15.
e5 c5 16. Be2 Rab8 17. Be7 Rfc8 18. Bd6 Ra8 19. Rfc1 a6 20. h4 Bxf3 21. Bxf3
Ra7 22. h5 cxd4 23. Qxd4 Qb6 24. Qf4 Rc4 25. Qg5 h6 26. Qg3 g5 27. Rab1 Qa5
28. Be2 Rf4 29. Rb4 Rxb4 30. cxb4 Qd8 31. Bf3 Bf8 32. Rd1 Bg7 33. Bc5 Qc7 34.
Bxa7 Bxe5 35. Rxd7 Qxd7 36. Qxe5 Qxa7 37. Qe3 Qc7 38. Qc5 Qb8 39. Qc6 Qf4 40.
Qc8+ Kg7 41. Qc3+ Kg8 42. Qc6 Qe5 43. Qxa6 Qf5 {(And Tom Booth's score sheet
says "44.Kg2" and then Black resigned. Possibly the move was actually 44.Bc6
Qb1+ 45.Kh2, then Black resigned.)} {#r} 1-0

[Event "Idaho Open"]
[Site "Pocatello, ID"]
[Date "2010.05.02"]
[Round "4.2"]
[White "Booth, Tom R"]
[Black "Morrow, Hans M"]
[Result "0-1"]
[WhiteElo "1606"]
[BlackElo "1942"]

1. d4 Nf6 2. c4 d6 3. Nc3 g6 4. e4 Bg7 5. Nf3 O-O 6. Be3 Bg4 7. Be2 Nbd7 8.
O-O a6 9. h3 Bxf3 10. Bxf3 e5 11. d5 b6 12. b4 h6 13. Qd2 Kh7 14. a4 Ng8 15.
Bg4 f5 16. exf5 gxf5 17. Bxf5+ Rxf5 18. Qd3 e4 19. Nxe4 Kh8 20. Ng3 Rf7 21.
Bd4 Ne5 22. Bxe5 dxe5 23. Ne4 Qd7 24. Rac1 Rc8 25. b5 a5 26. Rcd1 Nf6 27. Nxf6
Rxf6 28. Qe4 Rf4 29. Qc2 Qd6 30. Rc1 Qc5 31. Qg6 Rcf8 32. Qc6 e4 33. Qxc5 bxc5
34. g3 R4f6 35. Rb1 Rb6 36. Rbe1 Re8 37. Kg2 Bd4 38. Kg1 Rf6 39. Kg2 Kg7 40.
Kg1 h5 41. h4 Kf7 42. Kg2 Kg6 43. Kg1 Kf5 44. Kg2 Rg6 45. Re2 Rg7 46. Ree1
Rge7 47. Re2 Kg6 48. Ree1 e3 49. fxe3 Rxe3 50. Rxe3 Rxe3 51. Rb1 Be5 52. b6
Rxg3+ 53. Kf2 cxb6 54. Rxb6+ Kf5 55. Rb5 Rc3 56. Rxa5 Rxc4 57. Ra8 Rxh4 58. a5
Ra4 59. a6 Ke4 60. a7 Ra2+ 61. Kf1 Kd4 {#R} 0-1

[Event "Idaho Open"]
[Site "Pocatello, ID"]
[Date "2010.05.02"]
[Round "5.3"]
[White "Kircher, Caleb Paul"]
[Black "Booth, Tom R"]
[Result "1-0"]
[WhiteElo "1623"]
[BlackElo "1606"]

1. d4 e6 2. Nf3 d5 3. e3 Nf6 4. Bd3 Nbd7 5. b3 Bb4+ 6. c3 Be7 7. Nbd2 O-O 8.
O-O c5 9. Bb2 b6 10. Ne5 Bb7 11. f4 Nxe5 12. fxe5 Ne4 13. Bxe4 dxe4 14. Qg4
cxd4 15. exd4 e3 16. Nf3 Qd5 17. Rfe1 Qe4 18. Qxe4 Bxe4 19. Rxe3 Bb7 20. a4 a5
21. Ba3 Bxa3 22. Rxa3 Rfd8 23. Kf2 h6 24. Ra2 Bd5 25. Rb2 Rab8 26. Ree2 Kf8
27. Ke3 Rd7 28. Nd2 Ke7 29. Ne4 Bxe4 30. Kxe4 Rc7 31. c4 Rd8 32. Rbd2 Rcd7 33.
Rd3 f6 34. g4 f5+ 35. gxf5 exf5+ 36. Kxf5 Rxd4 37. Rxd4 Rxd4 38. Re3 Rd2 39.
h3 Rg2 40. Rd3 g6+ 41. Ke4 Re2+ 42. Kd5 g5 43. Kc6 Rxe5 44. Kxb6 h5 45. c5 g4
46. hxg4 hxg4 47. c6 Re6 48. Rc3 Kd8 49. Kb7 g3 50. c7+ Ke7 51. c8=Q g2 52.
Qxe6+ Kxe6 {#r} 1-0

[Event "Pres. Cup-1 (Qualifier)"]
[Site "Twin Falls, ID"]
[Date "2010.07.31"]
[Round "1.1"]
[White "Booth, Tom R"]
[Black "Buckendorf Jr., Glen"]
[Result "1/2-1/2"]
[WhiteElo "1584"]
[BlackElo "1818"]

1. d4 d5 2. c4 dxc4 3. e3 b5 4. a4 c6 5. axb5 Bb7 6. Nf3 cxb5 7. b3 Nf6 8.
bxc4 bxc4 9. Bxc4 e6 10. O-O Be7 11. Nbd2 O-O 12. Qb3 Qc7 13. Bb2 Nc6 14. Rfc1
Rfb8 15. Bb5 Bc8 16. Rxc6 Qxc6 17. Bxc6 Rxb3 18. Nxb3 Rb8 19. Ba4 Nd5 20. Rc1
Nb4 21. Ne1 Nd5 22. Ba1 g6 23. Na5 {(The last move is recorded as 23...NxB, so
something is off. We only have one score sheet.--Roland)} {#d} 1/2-1/2

[Event "Pres. Cup-1 (Qualifier)"]
[Site "Twin Falls, ID"]
[Date "2010.07.31"]
[Round "2.4"]
[White "Patterson, Kevin R"]
[Black "Booth, Tom R"]
[Result "1/2-1/2"]
[WhiteElo "922"]
[BlackElo "1584"]

1. e4 e6 2. d4 d5 3. e5 c5 4. Nf3 Nc6 5. Be3 cxd4 6. Nxd4 Nxd4 7. Bxd4 Bd7 8.
c3 Nh6 9. Bd3 Nf5 10. Bxf5 exf5 11. Nd2 Be7 12. Qc2 O-O 13. Nf3 b6 14. O-O Rc8
15. Qd2 Rc4 16. b3 Rc6 17. Be3 Be6 18. Ng5 Bxg5 19. Bxg5 Qc7 20. Qe3 Rxc3 21.
Qe2 Rc8 22. Qd2 Qxe5 23. Bf4 Qe4 {(The score sheets indicates "24.R" and stops
there.--Roland)} {#d} 1/2-1/2